000 00599nam a2200205 i 4500
001 61824
003 ES-MaACL
005 20230906164541.0
007 t|
008 031114s1909 it ||||1| ita d
100 1 _aFachini, Stefano.
_948592
245 1 2 _aL'industria delle materie grasse
_b: I. I grassi e le cere (parte generale e analitica) /
_cS. Fachini.
260 _aMilano :
_b[Allegretti],
_c1909.
300 _aXXIII, 651 p. ;
_c15 cm.
490 1 _aManuali Hoepli
500 _aEs el V. 1.
830 0 _aManuali Hoepli
_9180782
852 _aES-MaACL
_jD-4248
999 _c61824
_d61824